5 Random U.S. States - Statistics

General Stats
  • This quiz has been taken 23 times
  • The average score is 2 of 5
Answer Stats
Hint Answer % Correct
North East Maine
89%
South East Florida
61%
Mid West Michigan
33%
South West Hawaii
28%
North East Delaware
17%
No matching quizzes found
Score Distribution
Percent of People with Each Score
Percentile by Number Answered
Your Score History
You have not taken this quiz